000 00992namaa2200205 i 4500
001 173964
003 ES-MaACL
005 20230906215413.0
008 100203s1888 sp |||| | spa d
040 _aSpMaBN
_bspa
_cPAB
100 1 _aÁlvarez Quintero, Serafín,
_d1871-1938
_9226443
245 1 0 _aBelén, 12, principal
_b: juguete cómico en un acto y en prosa /
_coriginal de Serafin Alvarez Quintero y Joaquin Alvarez Quintero.
260 _aSevilla :
_b[s.n.],
_c1888 (
_fGironés y Orduña)
300 _a20 p. ;
_c18cm.
500 _aEn port.: Estrenado con extraordinario éxito en el teatro Cervantes de Sevilla, la noche del 16 de mayo de 1888.
500 _aEn la cubierta precede al tít.: Administración lírico-drámatica.
700 1 _aÁlvarez Quintero, Joaquín,
_d1873-1944
_920922
852 _aES-MaACL
_jF-8636(2)
_z.- Enc. pasta española
_z.- Enc. en un vol. facticio formando parte de la col. facticia "Teatro español moderno", vol. 91
999 _c173964
_d173964